Hacia una nueva ética / Rosario Herrera Guido, coordinador
Uloženo v:
| Médium: | Kniha |
|---|---|
| Jazyk: | Undetermined |
| Vydáno: |
México, Distrito Federal
Siglo XXI; Universidad Michoacana de San Nicolás de Hidalgo
2006
|
| Témata: | |
| Tagy: |
Přidat tag
Žádné tagy, Buďte první, kdo vytvoří štítek k tomuto záznamu!
|
MARC
| LEADER | 00000nam a2200000Ia 4500 | ||
|---|---|---|---|
| 008 | 170316s9999 xx 000 0 und d | ||
| 040 | |a cru BVZT | ||
| 090 | |a 100 H-1.2h | ||
| 245 | |a Hacia una nueva ética / Rosario Herrera Guido, coordinador | ||
| 260 | |a México, Distrito Federal | ||
| 260 | |b Siglo XXI; Universidad Michoacana de San Nicolás de Hidalgo | ||
| 260 | |c 2006 | ||
| 300 | |a 352 páginas | ||
| 650 | |a FILOSOFÍA |9 5 | ||
| 650 | |a LA ÉTICA |9 2274 | ||
| 650 | |a LA CONDICIÓN HUMANA |9 2275 | ||
| 650 | |a LA BIOÉTICA |9 2276 | ||
| 650 | |a ÉTICA - METAFÍSICA |9 2277 | ||
| 650 | |a ÉTICA - CREACIÓN |9 2278 | ||
| 999 | |c 16403 |d 16403 | ||
| 942 | |c 15 D |h 100 H-1.2h |2 z | ||
